| 000 | 00461nam a22001691a 4500 | ||
|---|---|---|---|
| 001 | 5269 | ||
| 003 | OSt | ||
| 005 | 20260204212008.0 | ||
| 008 | 051212s1983||||dr ||||||b||||||||||spa|| | ||
| 050 | _aRD 861.44 S34p | ||
| 100 | _aSilié de Valenzuela, Eleonor Grimaldi | ||
| 245 | _aPoesías para ti / Eleonor Grimaldi Silié de Valenzuela | ||
| 264 | _aSanto Domingo : Biblioteca Nacional | ||
| 300 | _a39 p | ||
| 650 | _aPoesía DominicanaÌ | ||
| 942 |
_2ddc _cBK |
||
| 999 |
_c5269 _d5269 |
||